| 000 | 00466nam a22001337a 4500 | ||
|---|---|---|---|
| 008 | 131213b xxu||||| |||| 00| 0 eng d | ||
| 050 | _aBV4466 2001 | ||
| 100 |
_aJesuit Refugee Service _95705 |
||
| 245 |
_aWar has Changed our Life, not our Spirit _bExperiences of forcibly displaced women _cJesuit Refugee Service |
||
| 260 |
_aRome _bJesuit Refugee Service _c2001 |
||
| 300 |
_a168p. ; _c22cm. |
||
| 650 |
_aChurch work with Refugees _95706 |
||
| 942 |
_2lcc _cMONOGRAPH |
||
| 999 |
_c119262 _d119262 |
||